[Event "Budapest FS12 IM-A"]
[Site "Budapest"]
[Date "1993.??.??"]
[Round "7"]
[White "Kecskes, Gabor"]
[Black "Schneider, Attila"]
[Result "0-1"]
[WhiteElo "2220"]
[BlackElo "2390"]

1.d4 Nf6 2.c4 g6 3.Nf3 Bg7 4.g3 O-O 5.Bg2 d6 6.O-O Nc6 7.Nc3 a6 8.h3 Rb8
9.Be3 b5 10.Nd2 Bd7 11.Rc1 e5 12.dxe5 Nxe5 13.cxb5 axb5 14.b3 Re8 15.Nde4 Nxe4
16.Nxe4 Bf5 17.Nc3 b4 18.Nd5 c6 19.Nf4 Qd7 20.Bd4 c5 21.Ba1 h5 22.Kh2 Be6
23.Nxe6 Qxe6 24.Qd5 Nd7 25.Bxg7 Kxg7 26.Rc2 Qf6 27.Qf3 Rb6 28.Qxf6+ Nxf6
29.Rd1 Re7 30.e3 Ra7 31.Kg1 Kf8 32.Kf1 Ne8 33.Ke1 Nc7 34.Bf1 Ke7 35.Bc4 Rb8
36.Rcd2 Rd8 37.e4 Ne6 38.Bxe6 fxe6 39.Rc2 Ra5 40.Ke2 Rda8 41.Rdd2 Rd8 42.Ke3 g5
43.f4 gxf4+ 44.gxf4 Rg8 45.Kf3 h4 46.Rg2 Rxg2 47.Rxg2 d5 48.exd5 exd5 49.Rc2 Kd6
50.Kg4 d4 51.f5 Kd5 52.f6 d3 53.Rf2 Ra8 54.f7 Rf8 55.Kg5 Ke4 56.Kg6 Ke3 57.Kg7 Rxf7+
58.Rxf7 d2 59.Re7+ Kd3 60.Rd7+ Kc2 61.Kg6 d1=Q 62.Rxd1 Kxd1 63.Kg5 Kc2 64.Kxh4 Kb2
65.Kg4 Kxa2 66.h4 c4 67.h5 cxb3 68.h6 b2 69.h7 b1=Q 70.h8=Q Qe4+ 71.Kg5 b3
72.Qc3 b2 73.Qa5+ Kb3 74.Qb5+ Kc2 75.Qc5+ Kb3 76.Qb5+ Qb4 77.Qd5+ Qc4 78.Qb7+ Ka2
79.Qa7+ Kb1 80.Kh5 Qe2+ 81.Kh4 Qh2+ 82.Kg4 Kc1 83.Qc5+ Kd1 84.Qd4+ Ke1 85.Qc3+ Qd2
86.Qg3+ Qf2 87.Qc3+ Kf1 88.Qb3 Qd4+ 89.Kg5 Qe5+ 90.Kh6 Qf6+  0-1

[Event "Budapest FS03 IM"]
[Site "Budapest"]
[Date "1993.??.??"]
[Round "7"]
[White "Biliskov, Vjekoslav"]
[Black "Kahn, Evarth"]
[Result "0-1"]
[WhiteElo "2305"]
[BlackElo "2360"]

1.d4 Nf6 2.c4 g6 3.Nf3 Bg7 4.g3 O-O 5.Bg2 d6 6.O-O Nbd7 7.Nc3 e5 8.h3 Re8
9.e4 exd4 10.Nxd4 Nc5 11.Re1 a5 12.Qc2 Ng4 13.Nb3 Ne5 14.Nxc5 dxc5 15.Rd1 Bd7
16.Be3 Qc8 17.Kh2 b6 18.Nb5 Be6 19.b3 a4 20.Rac1 axb3 21.axb3 Nc6 22.Bf4 Nb4
23.Qe2 Ra2 24.Qf3 Na6 25.e5 h6 26.Nc3 Rb2 27.Nd5 Bxd5 28.cxd5 Bxe5 29.Bxh6 Nb4
30.Rc4 Qf5 31.Bf4 g5 32.Re4 gxf4 33.gxf4 Rxb3 34.Rxe5 Rxe5 35.Qxb3 Qxf4+
36.Kh1 Qxf2 37.Rg1 Re1 38.Bf1+ Kf8 39.Qc4 Qf3+ 40.Bg2 Rxg1+ 41.Kxg1 Qe3+
42.Kh1 Nd3 43.Qa6 Qe1+ 44.Kh2 Qe5+ 45.Kh1 Ne1 46.Qa8+ Kg7 47.Bf1 Qe4+ 48.Kg1 Qe3+
49.Kh1 Qf3+ 50.Kg1 Qg3+ 51.Kh1 Qf2 52.Qa1+ f6  0-1

[Event "Budapest FS12 IM-B"]
[Site "Budapest"]
[Date "1993.??.??"]
[Round "7"]
[White "Farago, Sandor"]
[Black "Pesztericz, Laszlo"]
[Result "1-0"]
[WhiteElo "2375"]
[BlackElo "2280"]

1.d4 Nf6 2.c4 g6 3.Nf3 Bg7 4.g3 O-O 5.Bg2 d6 6.Nc3 Nc6 7.h3 e5 8.Be3 exd4
9.Nxd4 Nxd4 10.Bxd4 Be6 11.b3 c5 12.Be3 Qd7 13.Rc1 Rad8 14.Nd5 b5 15.Bg5 Bxd5
16.cxd5 Rde8 17.Qd3 h6 18.Bf4 Nh5 19.Bd2 Re7 20.O-O Rfe8 21.e4 Kh7 22.g4 Nf6
23.Rfe1 a6 24.f4 Qc7 25.Kh1 Qb6 26.Re2 Nd7 27.Be3 b4 28.Bf2 Qb5 29.Qc2 Rc8
30.e5 dxe5 31.f5 Nf6 32.fxg6+ fxg6 33.Bh4 Kh8 34.d6 Re6 35.Rd1 Rd8 36.Red2 g5
37.Qf5 Qd7 38.Bf2 e4 39.Bxc5 Rf8 40.Be3 Nh5 41.Qc5 Ng3+ 42.Kg1 h5 43.Qc7 Qb5
44.d7 Ne2+ 45.Kh1 Rc6 46.d8=Q Rxc7 47.Qxc7 Be5 48.Qc5 Ng3+ 49.Kg1  1-0

[Event "Spring op"]
[Site "Budapest"]
[Date "1993.??.??"]
[Round "7"]
[White "Bogdanov, Valentin"]
[Black "Purtov, Andrei"]
[Result "1-0"]
[WhiteElo "2405"]
[BlackElo "2430"]

1.d4 Nf6 2.c4 g6 3.Nf3 Bg7 4.g3 O-O 5.Bg2 d6 6.O-O Nc6 7.Nc3 e5 8.dxe5 dxe5
9.Qxd8 Rxd8 10.Bg5 Be6 11.Nd2 Nd4 12.Rfd1 h6 13.Bxf6 Bxf6 14.e3 Nc6 15.Nd5 Bxd5
16.cxd5 Nb4 17.Ne4 Be7 18.Nc3 Bd6 19.Rac1 a5 20.Bf1 f5 21.a3 Na6 22.Bxa6 bxa6
23.Na4 e4 24.Rd2 Rdb8 25.Nc5 Rb5 26.Ne6 Rab8 27.Nxc7 Rxb2 28.Rxb2 Rxb2 29.Rc6 Bxa3
30.Rxg6+ Kf7 31.Rxh6 Bb4 32.Rxa6 Rd2 33.h4 Ke7 34.h5 Kd7 35.h6 Bc3 36.Nb5 Be5
37.Nd4 Ra2 38.h7 a4 39.Ra7+ Kd6 40.Nxf5+ Kc5 41.Ng7  1-0

[Event "Budapest zt-B"]
[Site "Budapest"]
[Date "1993.??.??"]
[Round "8"]
[White "Stohl, Igor"]
[Black "Sznapik, Aleksander"]
[Result "0-1"]
[WhiteElo "2540"]
[BlackElo "2440"]

1.Nf3 Nf6 2.c4 g6 3.d4 Bg7 4.g3 O-O 5.Bg2 d6 6.Nc3 Nc6 7.O-O e5 8.h3 Nd7
9.Be3 Ne7 10.dxe5 dxe5 11.Qc1 Nf5 12.Bg5 f6 13.Bd2 Nc5 14.Rd1 Be6 15.g4 Nd6
16.Be3 Nd7 17.b3 Kh8 18.Ne1 f5 19.c5 Nf7 20.Bxb7 f4 21.Bd2 Qh4 22.Ng2 Qxh3
23.Bxa8 Rxa8 24.Ne4 Qxg4 25.f3 Qh5 26.Ba5 Nf6 27.Nf2 c6 28.Bc3 Nd5 29.Rd3 Ng5
30.Bb2 Rf8 31.Qe1 Bf5 32.Rd2 Ne3 33.Rd6 Bh3 34.Nxe3 fxe3 35.Nd1  0-1

[Event "Budapest FS05 GM"]
[Site "Budapest"]
[Date "1993.??.??"]
[Round "8"]
[White "Juhasz, Bela"]
[Black "Gross, Stefan"]
[Result "0-1"]
[WhiteElo "2240"]
[BlackElo "2325"]

1.d4 Nf6 2.c4 d6 3.Nf3 g6 4.g3 Bg7 5.Bg2 O-O 6.O-O Nbd7 7.Nc3 e5 8.e4 c6
9.h3 Qb6 10.d5 Nc5 11.Ne1 cxd5 12.cxd5 Bd7 13.Nd3 Nxd3 14.Qxd3 Rfc8 15.Bd2 Qd4
16.Qe2 b5 17.Rfc1 Qb6 18.Nd1 h5 19.b4 a6 20.Nb2 h4 21.Be3 Qd8 22.g4 Nh7 23.Qd2 Bf6
24.Rxc8 Rxc8 25.Rc1 Rxc1+ 26.Qxc1 Bg5 27.Nd1 Kg7 28.Qc3 Kh6 29.Bf1 f5 30.f3 fxe4
31.fxe4 Bxe3+ 32.Qxe3+ Qg5 33.Kf2 Nf6 34.Be2 Qf4+ 35.Qxf4+ exf4 36.Kf3 g5
37.Nf2 Be8 38.Nd3 Bg6 39.Nf2 Nd7 40.Bf1 Kg7 41.Ke2 Kf6 42.Kd2 Ke5 43.Kd3 Nf6
44.Bg2 Nxd5  0-1

[Event "Budapest FS03 GM"]
[Site "Budapest"]
[Date "1993.??.??"]
[Round "9"]
[White "Horvath, Jozsef"]
[Black "Arduman, Can"]
[Result "1-0"]
[WhiteElo "2535"]
[BlackElo "2355"]

1.d4 Nf6 2.c4 g6 3.Nf3 Bg7 4.g3 O-O 5.Bg2 d6 6.O-O c6 7.b3 Nbd7 8.Bb2 Qa5
9.Nc3 e5 10.d5 cxd5 11.cxd5 b5 12.Nd2 Ba6 13.a3 Bh6 14.b4 Qb6 15.Nb3 Nh5
16.Na5 f5 17.Nc6 Ndf6 18.a4 f4 19.axb5 Bxb5 20.Nxb5 Qxb5 21.Qd3 Qb7 22.Ra6 fxg3
23.hxg3 Qd7 24.Qa3 Qg4 25.Bf3 Qh3 26.Bg2 Qg4 27.Ne7+ Kh8 28.Rxd6 Qxe2 29.Bf3 Qb5
30.Bxe5 Bg7 31.Nc6 Ne8 32.Nd4 Qxf1+ 33.Kxf1 Bxe5 34.Rd7 Bxd4 35.d6 Rc8 36.Qd3 Bg7
37.Bxh5 gxh5 38.Rxa7 Rd8 39.d7 Nf6 40.b5 Ng4 41.Ra2 Ne5 42.Qe2 Rxd7 43.Qxh5 Rb7
44.f4 Nd7 45.Qd5 Rc7 46.Ra8 Nb8 47.b6 Rd7 48.Qe6 Rdd8 49.Ra7 Rde8 50.Re7 Rd8
51.b7 Rg8 52.Kg2 Rdf8 53.Rc7 Rf6 54.Qc4 Rff8 55.Rc8 Nd7 56.Qc7 Rxc8 57.bxc8=Q Rxc8
58.Qxc8+ Nf8 59.Qc4 h6 60.Kf3 Nh7 61.Kg4 Nf6+ 62.Kf5 Kh7 63.Qf7 Ng8 64.g4 Nf6
65.Qxf6  1-0

[Event "Spring op"]
[Site "Budapest"]
[Date "1993.??.??"]
[Round "9"]
[White "Farago, Sandor"]
[Black "Starosek, Konstantin"]
[Result "0-1"]
[WhiteElo "2340"]
[BlackElo "2450"]

1.Nf3 Nf6 2.c4 g6 3.d4 Bg7 4.g3 O-O 5.Bg2 d6 6.Nc3 Nbd7 7.O-O e5 8.h3 c6
9.e4 Qb6 10.d5 cxd5 11.cxd5 Nc5 12.Ne1 Nfd7 13.Nc2 a5 14.Na3 f5 15.Qe2 f4
16.g4 Nf6 17.Rb1 a4 18.b4 axb3 19.axb3 Bd7 20.b4 Na4 21.Ncb5 h5 22.gxh5 Nxh5
23.Kh2 f3 24.Bxf3 Bxb5 25.Nxb5 Rxf3 26.Qxf3 Qxb5 27.Be3 Nc3 28.Rbc1 Ne2 29.Rc7 Nhf4
30.Qg4 Rd8 31.h4 Qxb4 32.Qg5 Rf8 33.Qe7 Nh5 34.f3 Qb3 35.Qg5 Nef4 36.Bxf4 Nxf4
37.Rf2 Qe3 38.Qg1 Ne2  0-1

[Event "Budapest FS03 IM"]
[Site "Budapest"]
[Date "1993.??.??"]
[Round "9"]
[White "Biliskov, Vjekoslav"]
[Black "Armanda, Ivica"]
[Result "1/2-1/2"]
[WhiteElo "2305"]
[BlackElo "2285"]

1.d4 Nf6 2.c4 g6 3.Nf3 Bg7 4.g3 O-O 5.Bg2 d6 6.O-O Nc6 7.Nc3 Bg4 8.d5 Bxf3
9.exf3 Ne5 10.Qb3 Nfd7 11.Be3 c5 12.f4 Ng4 13.Bd2 Rb8 14.Qc2 a6 15.a4 Nh6
16.Bh3 f5 17.Bg2 Bf6 18.h3 Qe8 19.Bf3 Qf7 20.a5 Qg7 21.Kh1 g5 22.fxg5 Bxg5
23.Bxg5 Qxg5 24.Ne2 Ne5 25.Bg2 Ng6 26.f4 Qf6 27.Ra3 b5 28.axb6 Rxb6 29.Rb3 Rfb8
30.Rxb6 Rxb6 31.b3 Nf7 32.Bf3 Kg7 33.Rb1 Nd8 34.Qd2 Nb7 35.Kg2 Rb4 36.Nc3 Na5
37.Bd1 Qd4 38.Qxd4+ cxd4 39.Na2 Rb8 40.Rc1 Nb7 41.Nb4 Na5 42.Nxa6 Nxb3 43.Nxb8 Nxc1
44.Nc6 d3 45.Kf2 Kf6 46.Ke3 Nf8 47.Kd2 Ne2 48.Bxe2 dxe2 49.Kxe2 e5 50.dxe6 Nxe6
51.Ke3 h5 52.Nb4 Nc5 53.Nd5+ Ke6 54.Kf3 Ne4 55.Ne3 Nd2+ 56.Ke2 Ne4 57.g4 hxg4
58.hxg4 fxg4 59.Nxg4 d5 60.Nf2 Nxf2  1/2-1/2

[Event "Budapest FS12 IM-A"]
[Site "Budapest"]
[Date "1993.??.??"]
[Round "10"]
[White "Kecskes, Gabor"]
[Black "Segal, Anna"]
[Result "0-1"]
[WhiteElo "2220"]
[BlackElo "2175"]

1.Nf3 g6 2.d4 Bg7 3.g3 Nf6 4.c4 d6 5.Bg2 O-O 6.O-O Nbd7 7.Nc3 e5 8.h3 h6
9.Be3 Kh7 10.Qc2 Qe7 11.Rad1 c6 12.dxe5 dxe5 13.a3 Nb6 14.Bxb6 axb6 15.Nd2 Be6
16.Na4 b5 17.Nb6 Rad8 18.c5 Nd5 19.Nxd5 cxd5 20.b4 Ra8 21.Qd3 Qd7 22.e4 d4
23.Kh2 Ra6 24.f4 exf4 25.gxf4 Rfa8 26.Ra1 f5 27.exf5 Bxf5 28.Qf3 R8a7  0-1

[Event "Budapest FS07 GM"]
[Site "Budapest"]
[Date "1993.??.??"]
[Round "11"]
[White "Davies, Nigel R"]
[Black "Vescovi, Giovanni"]
[Result "1/2-1/2"]
[WhiteElo "2505"]
[BlackElo "2340"]

1.Nf3 d6 2.d4 Nf6 3.c4 g6 4.g3 Bg7 5.Bg2 O-O 6.O-O c6 7.b3 Nbd7 8.Nc3 Re8
9.e4 e5 10.h3 exd4 11.Nxd4 Nc5 12.Re1 a5 13.Bf4 Nh5 14.Be3 Nf6 15.Qc2 Qc7
16.Rad1 Bd7 17.Re2 Rad8 18.f4 Bc8 19.Bf2 Re7 20.Nf3 Nfd7 21.Bd4 Bxd4+ 22.Nxd4 Rde8
23.Kh2 Nf6 24.Rde1 Nh5 25.Qd2 Ng7 26.Nf3 Rd7 27.f5 gxf5 28.exf5 Rxe2 29.Rxe2 f6
30.Qd4 Re7 31.Qxf6 Rxe2 32.Nxe2 Bxf5 33.Ned4 Be4 34.Ng5 Nh5 35.Qh6 Bg6 36.Bf3 Ng7
37.Qh4 Qe7 38.Bg2 Nd3 39.Qg4 Qe8 40.Ngf3 Ne5 41.Qf4 Ne6 42.Qd2 Nxd4 43.Nxd4 a4
44.Qa5 axb3 45.axb3 Qe7 46.Qa8+ Kg7 47.Qc8 Qd7 48.Qb8 Qe7 49.Kh1 h5 50.Qc8 Qd7
51.Qa8 Qe7 52.Qa1 Kh7 53.Qa7 h4 54.gxh4 Qxh4 55.Qxb7+ Kh6 56.Ne6 Qf6 57.Nd4 Qh4
58.Ne6 Qe1+ 59.Kh2 Ng4+  1/2-1/2

[Event "Budapest FS08 GM"]
[Site "Budapest"]
[Date "1993.??.??"]
[Round "11"]
[White "Ruck, Robert"]
[Black "Loginov, Valery A"]
[Result "0-1"]
[WhiteElo "2415"]
[BlackElo "2505"]

1.c4 Nf6 2.g3 g6 3.Bg2 Bg7 4.d4 O-O 5.Nf3 d6 6.O-O c6 7.Nc3 Nbd7 8.h3 e5
9.e4 Qb6 10.d5 Nc5 11.Re1 Bd7 12.Rb1 a5 13.Be3 cxd5 14.cxd5 Qc7 15.Nd2 b5
16.Nb3 b4 17.Ne2 Ncxe4 18.Rc1 Qb7 19.Rc4 a4 20.Nbc1 Nc5 21.Bxc5 dxc5 22.Nd3 Bb5
23.Rxc5 e4 24.Ne5 Qb6 25.Qc1 Rfe8 26.d6 Rad8 27.Qe3 Bxe2 28.Rxe2 Rxd6 29.Qc1 Rde6
30.Ng4 Nxg4 31.hxg4 Bd4 32.Rcc2 Rf6 33.Rxe4 Bxf2+ 34.Kh2 Rxe4 35.Bxe4 Qd6
36.Rc8+ Kg7 37.Qc7 Bxg3+ 38.Kh3 Qxc7  0-1

[Event "Buenos Aires CAA op"]
[Site "Buenos Aires"]
[Date "1993.??.??"]
[Round "5"]
[White "Casoy, Gaspar"]
[Black "Fiorito, Fabian"]
[Result "0-1"]
[WhiteElo "2040"]
[BlackElo "2435"]

1.d4 Nf6 2.c4 g6 3.Nf3 Bg7 4.g3 O-O 5.Bg2 d6 6.O-O Nbd7 7.Nc3 e5 8.e4 c6
9.h3 exd4 10.Nxd4 Re8 11.Be3 Nc5 12.Qc2 a5 13.Rfe1 a4  0-1

[Event "Buenos Aires Najdorf op"]
[Site "Buenos Aires"]
[Date "1993.??.??"]
[Round "7"]
[White "Casafus, Ruben"]
[Black "Del Rey, Diego"]
[Result "1/2-1/2"]
[WhiteElo "2405"]
[BlackElo "2380"]

1.d4 Nf6 2.Nf3 g6 3.c4 Bg7 4.g3 O-O 5.Bg2 d6 6.O-O c6 7.Nc3 Bf5 8.Ne1 Qc8
9.e4 Bh3 10.f3 Bxg2 11.Kxg2 e5 12.d5 c5 13.Nd3 Ne8 14.Be3 f5 15.Qe2 Nd7 16.Rac1 a6
17.f4 b6 18.b4 Rf7 19.bxc5 bxc5 20.exf5 gxf5 21.fxe5 Nxe5 22.Nxe5 Bxe5 23.Na4 Qc7
24.Rb1 Rb8 25.Qc2 Ng7 26.Bh6 Rxb1 27.Qxb1 Qb7 28.Qc2 Qd7 29.Nb2 f4 30.Bxf4 Bxf4
31.gxf4 Qg4+ 32.Kh1 Rxf4 33.Rxf4 Qxf4 34.Qe2 Qc1+ 35.Kg2 Qg5+ 36.Kf1 Qc1+
37.Nd1 Qf4+ 38.Ke1 Nf5 39.Qe6+  1/2-1/2

[Event "Calcutta op"]
[Site "Calcutta"]
[Date "1993.??.??"]
[Round "5"]
[White "Pavanasam, Ananchaperumal"]
[Black "Salov, Sergei"]
[Result "1/2-1/2"]
[WhiteElo "2315"]
[BlackElo "2235"]

1.Nf3 Nf6 2.g3 g6 3.Bg2 Bg7 4.c4 d6 5.d4 O-O 6.O-O Nbd7 7.Nc3 e5 8.e4 c6
9.h3 Ne8 10.Be3 Qe7 11.b3 f5 12.exf5 gxf5 13.Qd2 Qf6 14.Bg5 Qf7 15.Bh6 Bxh6
16.Qxh6 Qg7 17.Qxg7+ Nxg7 18.Rfe1 e4 19.Nh2 Nf6 20.Nf1 Bd7 21.Ne3 Rae8 22.d5 c5
23.Rad1 a6 24.Bf1 Rb8 25.Ng2 b5 26.Nf4 b4 27.Nce2 Rb6 28.Bg2 a5 29.f3 a4
30.fxe4 fxe4 31.g4 axb3 32.axb3 Ra6 33.Ra1 Rfa8 34.Rxa6 Rxa6 35.Ng3 Ra3 36.Rb1 Ba4
37.g5 Nfe8 38.Nxe4 Bxb3 39.Nd2 Bc2 40.Re1 b3 41.Be4 Bxe4 42.Rxe4 Ra1+  1/2-1/2

[Event "Calcutta op"]
[Site "Calcutta"]
[Date "1993.??.??"]
[Round "11"]
[White "Murugan, Krishnamoorthy"]
[Black "Vaidya, Arun B"]
[Result "1-0"]
[WhiteElo "2410"]
[BlackElo "2385"]

1.d4 Nf6 2.c4 g6 3.Nf3 Bg7 4.g3 O-O 5.Bg2 d6 6.O-O c6 7.Nc3 Qc7 8.e4 e5 9.h3 Re8
10.Re1 a5 11.Be3 Na6 12.Qc2 Be6 13.d5 cxd5 14.cxd5 Bd7 15.Rac1 b5 16.Qe2 Qb7
17.Nd2 Rec8 18.a4 bxa4 19.Nc4 Bb5 20.Nxb5 Qxb5 21.Nxd6 Qxe2 22.Rxc8+ Rxc8
23.Rxe2 Rb8 24.Nc4 Nd7 25.Nxa5 Rb5 26.Nc6 Rb3 27.Rc2 f6 28.Bf1 Nac5 29.Bc4 Rb6
30.f3 Kf7 31.Nd8+ Ke7 32.Ne6  1-0

[Event "Cannes op"]
[Site "Cannes"]
[Date "1993.??.??"]
[Round "1"]
[White "Dorfman, Josif D"]
[Black "Berend, Fred"]
[Result "1-0"]
[WhiteElo "2580"]
[BlackElo "2305"]

1.d4 Nf6 2.Nf3 g6 3.g3 Bg7 4.Bg2 O-O 5.c4 d6 6.O-O Nbd7 7.Qc2 e5 8.Rd1 Re8
9.Nc3 e4 10.Ne1 Qe7 11.Bg5 h6 12.Nd5 Qd8 13.Bxf6 Nxf6 14.Nxf6+ Qxf6 15.Bxe4 Qe7
16.Bf3 Bf5 17.Qd2 c5 18.dxc5 dxc5 19.e3 Qf6 20.b3 Qa6 21.Rac1 Re7 22.Qd6 Qxd6
23.Rxd6 Rae8 24.Rcd1 Rc7 25.g4 Bc8 26.Rd8 Kf8 27.Rxe8+ Kxe8 28.Nd3 g5 29.Kg2 a6
30.h3 Be6 31.Be4 Ke7 32.Bf5 Bxf5 33.gxf5 Kf6 34.e4 Rd7 35.Kf3 Rd4 36.Ke3 Ke7
37.Rg1 Kd6 38.a4 Bf6 39.h4 b6 40.hxg5 Bxg5+ 41.f4 Rxd3+ 42.Kxd3 Bxf4 43.Ke2 Bg5
44.Rd1+ Kc6 45.e5 b5 46.Rd6+  1-0

[Event "Cannes op"]
[Site "Cannes"]
[Date "1993.??.??"]
[Round "8"]
[White "Loeffler, Stefan"]
[Black "Agnos, Demetrios"]
[Result "1-0"]
[WhiteElo "2365"]
[BlackElo "2425"]

1.d4 Nf6 2.Nf3 g6 3.c4 Bg7 4.g3 O-O 5.Bg2 d6 6.Nc3 Nc6 7.O-O a6 8.b3 Rb8
9.d5 Na5 10.Bd2 c5 11.a4 e5 12.dxe6 fxe6 13.Bf4 Ne8 14.Rc1 Qb6 15.Ne4 Bd7
16.Rb1 Bc6 17.Nfg5 Bxe4 18.Bxe4 Rf6 19.Nxe6 Rxe6 20.Bd5 Nc7 21.b4 Nc6 22.bxc5 Qxc5
23.Bxe6+ Nxe6 24.Bxd6 Qxc4 25.Bxb8 Ned4 26.Rxb7 Nxe2+ 27.Kg2 Ncd4 28.Rxg7+ Kxg7
29.Be5+ Kf7 30.Bxd4 Nxd4 31.Re1 Qc6+ 32.f3 Nf5 33.Qb3+ Kf6 34.Qg8 Qc2+ 35.Kh3 Qd3
36.Re6+ Kg5 37.f4+ Kh6 38.Rxg6+  1-0

[Event "Capablanca mem-A"]
[Site "?"]
[Date "1993.??.??"]
[Round "2"]
[White "Nogueiras, Jesus"]
[Black "Hebden, Mark"]
[Result "1/2-1/2"]
[WhiteElo "2570"]
[BlackElo "2520"]

1.d4 Nf6 2.Nf3 g6 3.g3 Bg7 4.Bg2 O-O 5.c4 d6 6.O-O Nc6 7.d5 Na5 8.Nbd2 c5
9.Ne1 e6 10.Rb1 Qc7 11.b4 cxb4 12.Rxb4 e5 13.Nc2 Nd7 14.Na3 Nc5 15.Nb5 Qd8
16.Ba3 b6 17.Rb1 f5  1/2-1/2

[Event "Cappelle op"]
[Site "Cappelle la Grande"]
[Date "1993.??.??"]
[Round "1"]
[White "Gofshtein, Leonid D"]
[Black "Dochev, Dimitar"]
[Result "1-0"]
[WhiteElo "2560"]
[BlackElo "2295"]

1.d4 Nf6 2.c4 g6 3.Nf3 Bg7 4.g3 O-O 5.Bg2 d6 6.O-O Nbd7 7.Nc3 e5 8.Qc2 exd4
9.Nxd4 Re8 10.Rd1 c6 11.e4 Qe7 12.Bf4 Ne5 13.Qe2 Bg4 14.f3 Bd7 15.Be3 a6
16.a4 a5 17.h3 Be6 18.b3 Ned7 19.f4 Nc5 20.Bf2 Rad8 21.Re1 Bc8 22.Rad1 Qc7
23.Qf3 h6 24.g4 h5 25.f5 hxg4 26.hxg4 Nh7 27.Bh4 g5 28.Bf2 Qe7 29.Qh3 Be5
30.Be3 f6 31.Nce2 Kg7 32.Bd2 Qc7 33.Qc3 b6 34.Qc2 Na6 35.Nf3 Nf8 36.Be3 Nd7
37.Bf2 Ndc5 38.Ng3 Nb4 39.Nh5+ Kf7 40.Qb1 Qe7 41.Be3 Nd7 42.Rf1 c5 43.Qc1 Rg8
44.Qd2 Bb7 45.Rde1 Na6 46.Re2 Nc7 47.Rd1 Ne8 48.Qe1 Ng7 49.Ng3 Bxg3 50.Qxg3 Ne5
51.Bc1 Ne8 52.Qh3 Rg7 53.Bb2 Kg8 54.Red2 Nxf3+ 55.Bxf3 Qf8 56.e5 Rh7 57.Qg3 Bxf3
58.Qxf3 fxe5 59.Bxe5 Rh6 60.Bc3 Rd7 61.Re2 Ng7 62.Rde1 Rf7 63.Qd5 Rh4 64.Rg2 Rh3
65.Bf6 Ne8 66.Bxg5 Nc7 67.Qe4 Qg7 68.Bf4 Qd4+ 69.Qxd4 cxd4 70.Rg3 Rxg3+ 71.Bxg3 Rg7
72.Re4 d3 73.Rd4 d2 74.Kg2 Ne8  1-0

[Event "Cappelle op"]
[Site "Cappelle la Grande"]
[Date "1993.??.??"]
[Round "1"]
[White "Jasnikowski, Zbigniew"]
[Black "Nordahl, Helge"]
[Result "1-0"]
[WhiteElo "2460"]
[BlackElo "2240"]

1.d4 Nf6 2.c4 g6 3.Nf3 Bg7 4.g3 O-O 5.Bg2 d6 6.Nc3 c5 7.O-O Nc6 8.d5 Na5
9.Nd2 a6 10.Qc2 Rb8 11.b3 b5 12.Bb2 Bh6 13.Ncb1 e5 14.Bc3 b4 15.Bb2 Nb7 16.e4 Nh5
17.Re1 f5 18.exf5 gxf5 19.Nf1 f4 20.Be4 Nf6 21.Bf5 Kh8 22.Nbd2 Ng4 23.Bxc8 Qxc8
24.f3 Ne3 25.Qe4 Qh3 26.Re2 Nf5 27.g4 Nd4 28.Rg2 Bg5 29.Qd3 Rg8 30.Bxd4 cxd4
31.Ne4 Qh6 32.a3 Nc5 33.Nxc5 dxc5 34.Nd2 Qg6 35.Qxg6 Rxg6 36.Kf1 Be7 37.Ke2 Kg7
38.Kd3 Bd8 39.Ne4 Be7 40.Rga2 Rgb6 41.Nd2 Rh6 42.axb4 Rbb6 43.h4 Rxb4 44.Rxa6 Rxa6
45.Rxa6 Bxh4 46.Ra3 Rb6 47.Ne4 Be7 48.Ra7 Kf8 49.Kc2 Rh6 50.Rc7 Rh2+ 51.Kd3 Rh3
52.Nd2 Ke8 53.Rb7 h6 54.Rb5 Kd7 55.b4 cxb4 56.c5 Bd8 57.c6+ Kd6 58.Ne4+ Kc7
59.Rb7+  1-0

[Event "Cappelle op"]
[Site "Cappelle la Grande"]
[Date "1993.??.??"]
[Round "1"]
[White "Baburin, Alexander"]
[Black "Van de Mortel, Jan"]
[Result "1-0"]
[WhiteElo "2550"]
[BlackElo "2295"]

1.d4 Nf6 2.c4 g6 3.Nf3 Bg7 4.g3 O-O 5.Bg2 d6 6.O-O c6 7.Nc3 Qa5 8.h3 Qa6
9.b3 d5 10.cxd5 Nxd5 11.Bb2 Rd8 12.Qc2 Nd7 13.Rad1 f5 14.e4 Nb4 15.Qd2 Nc5
16.Qg5 Bf6 17.dxc5 Rxd1 18.Rxd1 Bxg5 19.Rd8+ Kg7 20.Nxg5 e5 21.Nd5 Nd3 22.Nb4 Qa5
23.Rxd3 h6 24.Bxe5+ Kg8 25.Bc3 Qc7 26.Rd6 hxg5 27.Rxg6+ Kh7 28.Rxg5 Kh6 29.h4 Qf7
30.Nd3 Be6 31.Ne5 Qe8 32.exf5 Bxf5 33.Rxf5 Qe6 34.Rf6+  1-0

[Event "Cappelle op"]
[Site "Cappelle la Grande"]
[Date "1993.??.??"]
[Round "3"]
[White "Jasnikowski, Zbigniew"]
[Black "Brustman, Agnieszka"]
[Result "1/2-1/2"]
[WhiteElo "2460"]
[BlackElo "2300"]

1.d4 Nf6 2.c4 g6 3.Nf3 Bg7 4.g3 O-O 5.Bg2 d6 6.Nc3 Nbd7 7.O-O e5 8.h3 c6
9.e4 Qb6 10.Re1 exd4 11.Nxd4 Ne8 12.Nf3 Qb4 13.Qb3 Qxb3 14.axb3 Nc5 15.Ra3 f5
16.exf5 Bxf5 17.Be3 Nd3 18.Re2 Nxb2 19.Nd4 Nd3 20.Na4 Nc7 21.Nxf5 gxf5 22.Rd2 Nb4
23.Rxd6 Nca6 24.Nc5 Nc2 25.Rxa6 bxa6 26.Bxc6 Rab8 27.Bd5+ Kh8 28.Rxa6 Nxe3
29.fxe3 Rfc8 30.Nd3 Bh6 31.Nf4 Bxf4 32.gxf4 Rxb3 33.Kf2 Rc7 34.Rf6 Re7 35.Rxf5 Rbxe3
36.Rf8+ Kg7 37.Rg8+ Kf6 38.Rf8+ Kg7 39.Rg8+ Kf6 40.Rf8+ Kg7  1/2-1/2

[Event "Cappelle op"]
[Site "Cappelle la Grande"]
[Date "1993.??.??"]
[Round "7"]
[White "Jasnikowski, Zbigniew"]
[Black "Kempinski, Robert"]
[Result "1-0"]
[WhiteElo "2460"]
[BlackElo "2340"]

1.d4 Nf6 2.c4 g6 3.Nf3 Bg7 4.g3 O-O 5.Bg2 d6 6.Nc3 Nbd7 7.O-O e5 8.h3 c6
9.e4 exd4 10.Nxd4 Qa5 11.Re1 Ne5 12.Bf1 Re8 13.Rb1 d5 14.exd5 cxd5 15.b4 Qd8
16.c5 Ne4 17.Bb2 Nc4 18.Bxc4 Nxc3 19.Rxe8+ Qxe8 20.Bxc3 dxc4 21.Qf3 Qd7 22.Re1 Bxd4
23.Rd1 Qc6 24.Rxd4 Bxh3 25.Qxc6 bxc6 26.g4 h5 27.f3 hxg4 28.fxg4 Re8 29.Kh2 Re2+
30.Kxh3 Re3+ 31.Kg2 Rxc3 32.b5 Rc2+ 33.Kf3 Rc3+ 34.Ke2 Rc2+ 35.Kd1 Rxa2 36.bxc6 Ra1+
37.Kc2 Ra2+ 38.Kc3 Ra3+ 39.Kb4  1-0

[Event "Cappelle op"]
[Site "Cappelle la Grande"]
[Date "1993.??.??"]
[Round "9"]
[White "Agdestein, Simen"]
[Black "Werner, Dimo"]
[Result "0-1"]
[WhiteElo "2630"]
[BlackElo "2375"]

1.d4 Nf6 2.c4 d6 3.Nf3 g6 4.g3 Bg7 5.Bg2 O-O 6.Nc3 Nc6 7.O-O e5 8.d5 Ne7
9.e4 Ne8 10.Ne1 f5 11.Nd3 Nf6 12.Bg5 h6 13.Bxf6 Bxf6 14.f4 exf4 15.Nxf4 Be5
16.exf5 Bxf5 17.Kh1 Qd7 18.Qb3 Bxf4 19.Rxf4 b6 20.Raf1 g5 21.R4f2 Bd3 22.Rxf8+ Rxf8
23.Rxf8+ Kxf8 24.Nb5 Bg6 25.Nxa7 Qf5 26.h3 Be8 27.Nb5 Bxb5 28.cxb5 Qe5 29.Qc3 Qxc3
30.bxc3 Kg7 31.Kg1 Kf6 32.Kf2 Ke5 33.c4 Kd4 34.Kf3 Nf5 35.Kg4 Ne3+ 36.Kh5 Nxg2
37.Kxh6 Nf4 38.Kxg5 Nxh3+ 39.Kf5 Kxc4 40.Ke6 Kxb5 41.Kd7 Kc5 42.a4 Kxd5  0-1

[Event "Ceske Budejovice op"]
[Site "Ceske Budejovice"]
[Date "1993.??.??"]
[Round "1"]
[White "Supatashvili, Khvicha"]
[Black "Civin, Tomas"]
[Result "1-0"]
[WhiteElo "2440"]
[BlackElo "2280"]

1.d4 Nf6 2.c4 g6 3.Nf3 Bg7 4.g3 O-O 5.Bg2 d6 6.O-O c5 7.Nc3 Nc6 8.d5 Na5
9.Nd2 Rb8 10.Qc2 e6 11.b3 exd5 12.cxd5 b5 13.Bb2 Ba6 14.Rfe1 Re8 15.e3 b4
16.Ne2 Bb5 17.a3 bxa3 18.Rxa3 Qb6 19.Bc3 Nb7 20.Nc4 Bxc4 21.bxc4 Nd8 22.Rea1 Re7
23.Qa2 Ng4 24.Ra6 Qb3 25.Qxb3 Rxb3 26.Bxg7 Kxg7 27.Rxd6 Nb7 28.Rda6 Rb2 29.Bf1 Ne5
30.Rc1 Nd8 31.Nc3 Rb6 32.Rca1 Rb4 33.R6a4 Nb7 34.Rxa7 Nxc4 35.Na2  1-0

[Event "Ceske Budejovice op"]
[Site "Ceske Budejovice"]
[Date "1993.??.??"]
[Round "5"]
[White "Matlak, Marek"]
[Black "Trapl, Jindrich"]
[Result "1/2-1/2"]
[WhiteElo "2430"]
[BlackElo "2375"]

1.d4 Nf6 2.Nf3 g6 3.c4 Bg7 4.g3 O-O 5.Bg2 d6 6.O-O Nbd7 7.Qc2 e5 8.Rd1 Re8
9.e4 Qe7 10.Nc3 c6 11.b3 exd4 12.Nxd4 Nc5 13.f3 Nfd7 14.b4 Ne6 15.Be3 Ne5
16.Nxe6 Bxe6 17.c5 dxc5 18.Bxc5 Nxf3+ 19.Bxf3 Qf6 20.Rd3 Bc4 21.Rc1 Bxd3
22.Qxd3 Rad8 23.Qe2 Bh6 24.Rc2 Bf8 25.Bxf8 Kxf8 26.Kg2 a6 27.Na4 Qd4 28.a3 Kg7
29.Qf2 Qxf2+ 30.Kxf2 Rd3 31.Ra2 Re7 32.Nc5 Rc3 33.Bg4 a5 34.Be2 axb4 35.axb4 b6
36.Na4 Rb3 37.Nxb6 Rxb4 38.Nc4 Rxe4 39.Rc2 h5 40.Nd2 Re6 41.Bf3 Rb6 42.Ne4 Kf8
43.Nc5 Rd6 44.Na4 Rb4 45.Bxc6 Kg7 46.Nb2 Rxc6 47.Rxc6 Rxb2+ 48.Kg1 g5 49.h3 f6
50.Rc7+ Kg6 51.Rc5 Re2 52.Ra5 Re6 53.Kg2 f5 54.Ra8 Rb6 55.Rg8+ Kf6 56.Rh8 Rb2+
57.Kg1 Rb3 58.Kg2 Rb2+  1/2-1/2

[Event "Ceske Budejovice op"]
[Site "Ceske Budejovice"]
[Date "1993.??.??"]
[Round "7"]
[White "Matlak, Marek"]
[Black "Jurka, Miroslav"]
[Result "1-0"]
[WhiteElo "2430"]
[BlackElo "2340"]

1.d4 Nf6 2.Nf3 g6 3.c4 Bg7 4.g3 O-O 5.Bg2 d6 6.O-O Nbd7 7.Qc2 e5 8.Rd1 Qe7
9.Nc3 c6 10.e4 exd4 11.Nxd4 Re8 12.Bf4 Ne5 13.b3 Nfd7 14.h3 Nc5 15.Be3 a5
16.f4 Ned7 17.Re1 h5 18.Rad1 Nf8 19.Bf2 Nfe6 20.Qd2 h4 21.g4 Nxd4 22.Bxd4 Bxd4+
23.Qxd4 a4 24.b4 Ne6 25.Qd2 g5 26.f5 Nf4 27.Qxd6 Qxd6 28.Rxd6 a3 29.e5 Kf8
30.Re3 Ke7 31.Be4 Rd8 32.Rxd8 Kxd8 33.Bc2 Bd7 34.Ne4  1-0

[Event "JUG-chT"]
[Site "Cetinje"]
[Date "1993.??.??"]
[Round "?"]
[White "Maric, Alisa"]
[Black "Matveeva, Svetlana"]
[Result "0-1"]
[WhiteElo "2405"]
[BlackElo "2395"]

1.d4 Nf6 2.c4 g6 3.Nf3 Bg7 4.g3 O-O 5.Bg2 d6 6.O-O Nbd7 7.Nc3 e5 8.e4 exd4
9.Nxd4 Nc5 10.h3 Re8 11.Re1 Bd7 12.Rb1 Qc8 13.Kh2 a6 14.b4 Ne6 15.Be3 c5
16.bxc5 Nxc5 17.Qc2 Re5 18.f3 Rh5 19.h4 b5 20.cxb5 axb5 21.Nce2 Ncxe4 22.Qxc8+ Rxc8
23.Nf4 Rhc5 24.Nb3 Rc3 25.Bd4 R3c4 26.Rxe4 Nxe4 27.Bxg7 Nxg3 28.Kxg3 Kxg7
29.Nd5 Rb8 30.Bf1 Be6 31.Nf4 Rb4 32.Nxe6+ fxe6 33.Rd1 Rb6 34.Rd4 Ra4 35.Bxb5 Rxa2
36.Bd7 e5 37.Rd3 d5 38.Nc5 Rbb2 39.Bh3 Rb1 40.Bd7 Rg1+ 41.Kh3 Rgg2 42.f4 Rh2+
43.Kg3 Rag2+ 44.Kf3 Rf2+ 45.Ke3 Re2+ 46.Kf3 e4+  0-1